LEADER 01494nam a2200337 a 4500 001 000000124110 003 CaOOAMICUS 005 20110201093959.0 008 110131s1994 it d u000 u ita r 020 $a88-8000-304-6 040 $aPUL$bita 041 1 $aita$hfre 082 04$a302.2 100 1 $aFlichy, Patrice,$d1945-$0(OLS)http://pul/name/48977 240 10$aHistoire de la communication moderne$lItaliano.$0(OLS)http://pul/title/156457 245 10$aStoria della comunicazione moderna :$bsfera pubblica e dimensione privata /$cPatrice Flichy ; Traduzione di Sara Emanuelli. 260 $aBologna :$bBaskerville,$c1994$g(2003) 300 $a[10], 299 p. :$bgraf. ;$c27 cm. 490 1 $aSaggi Baskerville ;$v5 504 $aBibliografia p. 283-299. 650 4$aComunicazione$xStoria.$0(OLS)http://pul/subject/37413 700 1 $aEmanuelli, Sara.$0(OLS)http://pul/name/78345 830 0$aSaggi Baskerville ;$v5.$0(OLS)http://pul/title/156476 850 $aPUL 852 $aPUL$W1$xSL Diritto e Scienze Sociali 3$y79$m302. 2 FLIPI 1$j142943$qDDC 21$B141937$CPULBib$Z2$F141937 $H115556 $82 941 1 $a9 996 $6020$a88-8000-304-6$9(OLS)http://pul/number/146224 996 $6082$a302.2$9(OLS)http://pul/classification/1735 996 $6245$aStoria della comunicazione moderna :$bsfera pubblica e dimensione privata$9(OLS)http://pul/title/156458 996 $6260$aBologna :$bBaskerville$9(OLS)http://pul/publisher/81517 LEADER 01254nam a2200289 u 4500 001 000000055160 003 CaOOAMICUS 005 20070226115744.0 008 010117s1938 it u000 u ita u 035 $a10865705 040 $aPUL(R)$bita 041 1 $aita 100 1 $aAdam, Karl,$d1876-1966.$0(OLS)http://pul/name/5780 240 10$aWesen des Katholizismus.$lItaliano.$0(OLS)http://pul/title/73898 245 12$aL'essenza del cattolicesimo /$cCarlo Adam. 250 $a3. ed. italiana sull'ottava tedesca /$ba cura di M. Bendiscioli. 260 $aBrescia :$bMorcelliana,$c1938. 300 $a343 p. ;$c19 cm 650 4$aDottrina cristiana.$0(OLS)http://pul/subject/2024 700 1 $aBendiscioli, Mario,$d1903-1998.$0(OLS)http://pul/name/4245 850 $aPUL 852 $aPUL$W1$xDP1 Fondo Giannini$y60$m1559 G 32$j72586$nBK-PRI$b $qFondi$B72586$CPULBib$Z2$F72586 $H $81 852 $aPUL$W1$xDP1 Fondo Bordoni$y120$m3 H 72$j167258$qFondi$B175975$CPULBib$Z2$F175975 $HBor1558 $81 941 1 $a1 961 $aINV: F. Giannini 996 $6245$aL'essenza del cattolicesimo$9(OLS)http://pul/title/8208 996 $6260$aBrescia :$bMorcelliana$9(OLS)http://pul/publisher/47854